Paroles - Mon bébé - Jok'air - Statistiques

Statistiques générales
  • Ce quiz a été pris 6 fois
  • Le résultat moyen est 267 sur 446
Statistiques - réponses
Réponses % Correct
à
100%
te
100%
ai
83%
bébé
83%
bébé,
83%
Bébé,
83%
dans
83%
de
83%
je
83%
la
83%
l'amour
83%
le
83%
les
83%
ma
83%
Me
83%
me
83%
moi
83%
mon
83%
ta
83%
tout
83%
as
67%
Au
67%
au
67%
ces
67%
C'est
67%
c'est
67%
du
67%
est
67%
et
67%
fais
67%
fait
67%
il
67%
Mais
67%
meilleure
67%
On
67%
on
67%
quand
67%
Quand
67%
que
67%
qui
67%
toi
67%
toi,
67%
tu
67%
Tu
67%
un
67%
une
67%
vie
67%
affaires
50%
arrières
50%
Avant
50%
cœur
50%
Comme
50%
comme
50%
connais
50%
connaître,
50%
corps
50%
défaite
50%
deux
50%
deux,
50%
d'la
50%
d'te
50%
équipe
50%
Faire
50%
faire
50%
fils,
50%
gagne
50%
galère,
50%
hors
50%
Ils
50%
J'ai
50%
j'en
50%
j'étais
50%
J'te
50%
j'te
50%
l'caleçon
50%
l'erreur
50%
mal
50%
m'connais
50%
m'dis
50%
merde,
50%
mes
50%
n'accepte
50%
n'change
50%
négros
50%
nom
50%
nos
50%
Nos
50%
Nous
50%
Oh,
50%
Oh
50%
oh
50%
oh,
50%
paire,
50%
pas
50%
père
50%
plus
50%
poche,
50%
pour
50%
Protège
50%
question
50%
sans
50%
Si
50%
string
50%
super
50%
t'en
50%
T'en
50%
tiekson
50%
veulent
50%
voir
50%
bords
33%
chair
33%
chiens
33%
cœurs
33%
c'que
33%
derrière
33%
d'l'amour
33%
doivent
33%
donner
33%
ennemis
33%
faiblis,
33%
fiston
33%
forte
33%
f'rai
33%
gère
33%
j'espère
33%
j'éteins
33%
j'suis
33%
J'veux
33%
lumière
33%
m'attendent
33%
m'attrapent,
33%
m'attrapent
33%
m'illumines
33%
monnaie
33%
mort
33%
ont
33%
oui
33%
paie
33%
parano
33%
passe
33%
passer
33%
peur,
33%
porte
33%
poser
33%
p'tits
33%
qu'si
33%
qu'tu
33%
rançon
33%
remonter
33%
reste
33%
score
33%
s'est
33%
sortir
33%
soucis,
33%
souffert
33%
sur
33%
consommais
17%
duo
17%
f'sait
17%
j'éviterai
17%
l'poste
17%
Miller
17%
Notre
17%
paies
17%
parce
17%
portes
17%
prie,
17%
Puis
17%
souvent
17%
Anh,
0%
bloc
0%
fière
0%
l'caisson
0%
moins
0%
Reggie
0%
shot
0%
switches
0%
yeah
0%
Aucun quiz correspondant
Distribution des résultats
% des personnes avec chaque résultat
Percentile par nombre de réponses
Votre historique - résultats
Vous n’avez pas pris ce quiz